000 00381 a2200157 4500
001 149383
040 _cEscola São Tomás de Aquino
100 _aRIOS, Rosana
240 1 0 _aO encafronhador de trombilácios
_lpor
245 1 0 _aO encafronhador de trombilácios
300 _a69
362 0 _a2010
440 1 _aScipione
697 _a*LITERATURA INFANTO JUVENIL
942 _cBK
999 _c149383
_d149383